Central Library OPAC University of Rajshahi

History of India : (Record no. 71487)

MARC details
000 -LEADER
fixed length control field 00817nam a2200253 a 4500
001 - CONTROL NUMBER
control field 71487
003 - CONTROL NUMBER IDENTIFIER
rucl marc code BD-RjUL
005 - DATE AND TIME OF LATEST TRANSACTION
control field 20211209082125.0
008 - FIXED-LENGTH DATA ELEMENTS--GENERAL INFORMATION
fixed length control field 170504s1955 enkab b 001 0 eng d
035 ## - SYSTEM CONTROL NUMBER
System control number (BD-RjUL)71703
040 ## - CATALOGING SOURCE
Original cataloging agency DLC
Transcribing agency DLC
Modifying agency DLC
-- BD-RjUL
Language of cataloging eng
041 ## - LANGUAGE CODE
Language code of text/sound track or separate title eng
082 ## - DEWEY DECIMAL CLASSIFICATION NUMBER
Edition number 23
Classification number 954
Author mark and year PRH 1955
100 1# - MAIN ENTRY--PERSONAL NAME
Personal name Powell-Price, J C
9 (RLIN) 211490
245 10 - TITLE STATEMENT
Title History of India :
Remainder of title from the earliest times to 1939 /
Statement of responsibility, etc. J C Powell-Price
260 ## - PUBLICATION, DISTRIBUTION, ETC. (IMPRINT)
Place of publication, distribution, etc. London :
Name of publisher, distributor, etc. Thomas Nelson,
Date of publication, distribution, etc. 1955
300 ## - PHYSICAL DESCRIPTION
Pagination xv, 679 p. :
Illustrations ill. ;
Size 23 cm.
504 ## - BIBLIOGRAPHY, ETC. NOTE
Bibliography, etc Includes bibliographical references (p. 635-638) and index
651 #0 - SUBJECT ADDED ENTRY--GEOGRAPHIC NAME
Geographic name India
General subdivision History
Chronological subdivision To 324 B.C.
9 (RLIN) 162568
Geographic name India
General subdivision History
Chronological subdivision 324 B.C.-1000 A.D.
9 (RLIN) 162569
Geographic name India
General subdivision History
Chronological subdivision 1000-1526.
9 (RLIN) 165158
942 ## - ADDED ENTRY ELEMENTS (KOHA)
Source of classification or shelving scheme Dewey Decimal Classification
Koha item type Books
Holdings
Lost status Source of classification or shelving scheme Damaged status Not for loan Collection code Permanent Location Current Location Shelving location Date acquired Source of acquisition Cost, normal purchase price Total Checkouts Full call number Date last seen Copy number Koha item type
  Dewey Decimal Classification   Not For Loan Non-fiction Central Library, University of Rajshahi Central Library, University of Rajshahi Reading Room 29/09/1955 B.H. Blackwell 2.25   954 PRH 1955 04/05/2017 C-1 Books